Fragmentos de una biblioteca transparente II /

Guardado en:
Detalles Bibliográficos
Autor principal: Romo, Claudio (artista, compilación e ilustración)
Otros autores: Figueroa, Alexis (artista, compilacion y prólogo) (artista, compilacion y prólogo)
Formato: Libro
Idioma:Español
Publicado: Santiago, Chile : LOM : Erdosain, 2018, c2018
Temas:
Etiquetas: Agrega una etiqueta
Sin etiquetas, Sé el primero en etiquetar este registro!

MARC

LEADER 00000nam^a2200000^a^4500
001 000581498
005 20250521000000.0
009 20260310132610.957
020 |a 978-956-9696-08-4 
037 |a Acervo ITESO - Biblioteca 
041 |a ESP 
082 |a 701. 06  |b ROM V. 2 
100 |a Romo, Claudio  |e (artista, compilación e ilustración) 
245 1 0 |a Fragmentos de una biblioteca transparente II /  |c Artista, comp. e il. de C. Romo ; artista, comp. y pról. de A. Figueroa. 
264 4 |a Santiago, Chile :  |b LOM :  |b Erdosain,  |c 2018, c2018 
300 |a 138 p. 
336 |a texto  |b txt  |2 rdacontenido 
337 |a sin mediación  |b n  |2 rdamedio 
338 |a volumen  |b nc  |2 rdasoporte 
521 |a FIL 2023 DIA 
649 |a XX 
650 |a Escritores Chilenos 
650 |a Pintores Chilenos 
650 |a Libros de Artista -  |z Chile -  |x Tema Principal 
650 |a Erotismo 
650 |a Literatura Chilena -  |y Siglo XXI 
650 |a Ilustración (Diseño) -  |z Chile 
650 |a Pintura y Literatura -  |z Chile 
650 |a Pintura Moderna -  |z Chile 
650 |a Pintura Chilena -  |y Siglo XXI 
650 |a Arte Moderno -  |z Chile 
650 |a Arte Chileno -  |y Siglo XXI 
700 |a Figueroa, Alexis  |e (artista, compilacion y prólogo) 
910 |a Fondo General 
920 |a Impresos - Libros 
930 |a Reserva Especial 
905 |a 103 
901 |a 0500403773  |b IT1  |c REE  |i C184567  |u 20250521 
902 |a https://opac.biblio.iteso.mx/vufind/Record/000581498